Normale Ansicht MARC-Ansicht ISBD

Sie sang, steppte, schrie, gestikulierte. (Titelsatznr. 371287)

[ MARC ]
MARC-Details
000 -Satzkennung
Kontrollfeld mit fester Länge 00736nam a22001817a 4500
008 - Feld mit fester Länge zur physischen Beschreibung - Allgemeine Angaben
Kontrollfeld mit fester Länge 201127b ||||| |||| 00| 0 eng d
040 ## - Katalogisierungsquelle
Original-Katalogisierungsstelle DE-2950
Katalogisierungssprache ger
Übertragungsstelle DE-2950
Beschreibungsfestlegungen rda
041 ## - Sprachcode
Sprachcode des Textes/der Tonspur oder des separaten Titels ger
245 ## - Titel
Haupttitel Sie sang, steppte, schrie, gestikulierte.
Titelzusatz Nachruf: "Oderhähne"-Mitbegründerin und Kabarett-Unikum Ingrid Krusche im Alter von 83 Jahren gestorben /
Verantwortlichkeitsangabe Jörg Kotterba
264 ## - Veröffentlichungsangabe, Vertriebsangabe, Herstellungsangabe
Erscheinungs-, Vertriebs-, Herstellungsdatum 2021
653 ## - Lokales Schlagwort
Nicht-normierter Term Krusche, Ingrid ; Kabarettistin 1939 - 15.12.2021
653 ## - Lokales Schlagwort
Nicht-normierter Term Kabarett "Die Oderhähne"
773 ## - Übergeordnete Einheit
Ort, Verlag und Erscheinungsjahr Frankfurt (Oder) Märkisches Verlags- und Druckhaus GmbH & Co KG
Titel Märkische Oderzeitung
Verknüpfungsangaben 32. Jahrgang (2021) Nr. 302vom 27.12.2021, S. 7
942 ## - Zusätzliche Felder (Koha)
Koha-Medientyp Aufsätze
Exemplare
Ausgeschieden Verloren Beschädigt Nicht entleihbar Permanenter Standort Aktueller Standort Aufstellungsort Eingabedatum Anzahl Ausleihen Signatur Letzte Aktivität Preis gültig von Medientyp
        Stadtarchiv Frankfurt (Oder) | Archivbibliothek Stadtarchiv Frankfurt (Oder) | Archivbibliothek Magazin 07/01/2022   Z2 07/01/2022 07/01/2022 Aufsätze